00740 a2200205 4500003000500000005001700005040000900022082001200031100003300043245008400076260003200160300001500192505014000207538002900347650001400376651001200390942000800402999001900410952010500429Nust20170207153214.0 cNust a621.382 aMubarak, Muhammad (MSEE-11) aDesign of 6 bit 1 GHz CMOS flash ADC using 0.18um technologycMuhammad Mubarak  bMCS, NUSTc2009aRawalpinid axi,69 ,p.; aIntroduction (page-1) ADC architectures (page-7) High speed comparators (page-16) Design and implemation (page-34) Conclusion (page-58) aAlmirah No 69 Shelf No 2 aMS Thesis aMSEE-11 cTHS c181531d181531 00102ddc40708NFICaMCSbMCSd2016-12-12l0o621.382 MUBpMCSTEE-72r2016-12-08w2016-12-12yBK